| 000 | 01755nam a2200205Ia 4500 | ||
|---|---|---|---|
| 000 | 02296naaa 00289uu | ||
| 001 | https://directory.doabooks.org/handle/20.500.12854/36985 | ||
| 008 | 211013s9999 xx 000 0 und d | ||
| 020 | _a9780262344104 | ||
| 042 | _adc | ||
| 245 | 0 | _aProtecting Children Online? : Cyberbullying Policies of Social Media Companies | |
| 260 |
_aCambridge, MA _bThe MIT Press _c2018 |
||
| 520 | _aThis book investigates regulatory and social pressures that social media companies face in the aftermath of high profile cyberbullying incidents. The author's research evaluates the policies companies develop to protect themselves and users. This includes interviews with NGO and social media company reps in the US and the EU. She triangulates these findings against news, policy reports, evaluations and interviews with e-safety experts. This book raises questions about the legitimacy of expecting companies to balance the tension between free speech and child protection without publicly revealing their decision-making processes. In an environment where e-safety is part of the corporate business model, this book unveils the process through which established social media companies receive less government scrutiny than start-ups. The importance of this research for law and policy argues for an OA edition to ensure the work is widely and globally accessible to scholars and decision makers. | ||
| 540 | _aCreative Commons | ||
| 653 | _aMedia & Communications | ||
| 700 | 1 | _aMilosevic, Tijana | |
| 856 |
_uhttps://docs.google.com/spreadsheets/d/1yKIrdCPDAG_9c22mwoOIO2DOhtj65Wqa/edit?usp=sharing&ouid=106555315294820607512&rtpof=true&sd=true _yList of Curated E-Books |
||
| 942 | _cE-BOOK | ||
| 999 |
_c51505 _d51505 |
||